Sportmarketing a közösségi médiában - A sportolói márkaépítés kihívásai és lehetőségei

Bibliographic Details
Main Author: Szilágyi Gergely
Other Authors: Pecze Dr. Krisztina
Format: Students’ Scientific Association paper
Kulcsszavak:imázs
közösségi média
marketing
márkaépítés
sport
Online Access:http://dolgozattar.uni-bge.hu/60502

MARC

LEADER 00000nta a2200000 i 4500
001 dolg60502
005 20260416073818.0
008 260416suuuu hu o 000 hun d
040 |a BGE Dolgozattár Repozitórium  |b hun 
041 |a hu 
100 1 |a Szilágyi Gergely 
245 1 0 |a Sportmarketing a közösségi médiában - A sportolói márkaépítés kihívásai és lehetőségei  |c Szilágyi Gergely  |h [elektronikus dokumentum] 
516 |a Students_Scientific_Association_paper 
520 3 |a Ez a tanulmány azt vizsgálja, hogyan segítik a közösségi média marketing ügynökségek a sportolók és a márkák közötti együttműködést, továbbá milyen kihívásokkal és lehetőségekkel néznek szembe a sport-specifikus marketing ügynökségek a közösségi média világában. A sportmarketing elméleti hátterét tekintve a dolgozat arra mutat rá, hogy a sportolók, mint márkák, valamint az influencermarketing és sport kapcsolata alapvető elemei a modern kommunikációs környezetnek(Jeličić, 2024). A közösségi média szerepét platformokra bontva, valamint a sportolók jelenlétének és a márkaépítés folyamatának fényében elemzi(Na, Kunkel, & Doyle, 2019). Mindezek mellett miként tudják az ügynökségek, különösen a sport‐specifikus social media marketing ügynökségek, stratégiai és marketingelméleti hátterüket használni az együttműködések kialakításához(Park, Williams, & Son, 2020).A kutatás során kvalitatív és kvantitatív adatgyűjtési módszereket alkalmazok: elsősorban mélyinterjúkat sportmarketing ügynökségek szakértőivel és sportolói együttműködésekben érintett már­kamenedzserekkel, másodsorban pedig szekunder adatokat, iparági jelentéseket és piaci elemzéseket veszek alapul. A vizsgálandó változók közé tartozik az együttműködés sikerének mértéke, az ügynökségi tevékenység jellemzői, a közösségi média platformok szerepe, valamint az előnyök és kihívások struktúrája. A mintába olyan sportmarketing ügynökségek és sportoló-márka párosítások kerülnek, ahol social media kampányok futottak és az ügynökség kifejezetten sporthoz kötött profilú. Az adatelemzés folyamatában tematikus elemzést (mélyinterjúkat) valamint statisztikai alapú megközelítést (kvantitatív adatokat) használok, amelyek lehetővé teszik a minták és összefüggések feltárását.Az eredmények jól ábrázolják, hogy a sport-specifikus social media marketing ügynökségek kulcsszereplők lehetnek abban, hogy a sportolók személyes márkája és a márkák marketingcéljai közötti híd létrejöjjön: az ügynökségi szakértelem, a platformok célzott alkalmazása, valamint a sportoló közönséggel való autentikus kapcsolata mind olyan tényezők, amelyek sikeres együttműködést eredményeznek. Ugyanakkor a közösségi média használata kapcsán több kihívás is megjelenik, ilyen például a gyorsan változó algoritmus, a piac telítettsége, valamint az ügynökségek és sportolók felelőssége az átláthatóságban és hitelességben. A dolgozat igyekszik rávilágítani arra, hogy a sportolók és az ügynökségek akkor tudnak hosszú távú értéket létrehozni, ha stratégiailag építik a sportoló‐márka együttműködést. 
695 |a imázs 
695 |a közösségi média 
695 |a marketing 
695 |a márkaépítés 
695 |a sport 
700 1 |a Pecze Dr. Krisztina  |e ths 
856 4 0 |u http://dolgozattar.uni-bge.hu/60502/1/Szil%C3%A1gyi_Gergely_TDK.pdf  |z Dokumentum-elérés 
856 4 0 |u http://dolgozattar.uni-bge.hu/60502/2/TDK_2025_rez%C3%BCm%C3%A9_Szil%C3%A1gyi_Gergely.docx  |z Dokumentum-elérés 
856 4 0 |u http://dolgozattar.uni-bge.hu/60502/3/Szil%C3%A1gyi%20Gergely.pdf  |z Dokumentum-elérés 
856 4 0 |u http://dolgozattar.uni-bge.hu/60502/4/05_Dolgozat_biralati_lap_2025_HU_Szil%C3%A1gyi_Gergely.pdf  |z Dokumentum-elérés